000 00618nam a22001937a 4500
005 20251108170949.0
008 250721s1982 xx 000 0 ara d
082 1 4 _aم/415/قرا
100 1 _aالقرافي، شهاب الدين
245 1 0 _aالإستغناء في أحكام الإستثناء /
264 1 _aبغداد :
_bمطبعة الإرشاد،
_c1982.
300 _a790ص
490 0 _aإحياء التراث الإسلامي ؛ 49
650 1 7 _aاللغة العربية
650 1 7 _aالنحو و الصرف
700 1 _aمحسن، طه
_eتحقيق
942 _2ddc
_cREF
999 _c53183
_d53183